Echar a andar el día

Guardat en:
Dades bibliogràfiques
Autor principal: Tejeda, Patricia (Autor)
Format: Llibre
Idioma:espanyol
Publicat: Valparaíso Ediciones Universitarias de Valparaíso 2014
Edició:1a. ed
Matèries:
Etiquetes: Afegir etiqueta
Sense etiquetes, Sigues el primer a etiquetar aquest registre!

MARC

LEADER 00000cam a2200000 a 4500
001 UCE7084
003 CL-VaPUC
008 150529e20140000cl |||||||||||||||||spa|d
020 |a 9789561706231 
082 0 4 |a Ch861  |b TEJ  |2 21 
100 0 |a Tejeda, Patricia  |e author  |9 461723 
245 1 0 |a Echar a andar el día 
250 |a 1a. ed 
300 |a 127 p 
942 |c BK 
945 |d 20150529 15:00:00  |a dcastane 
260 |a Valparaíso  |b Ediciones Universitarias de Valparaíso  |c 2014 
650 0 |a Poesías chilenas   |9 265280 
650 0 |a Literatura chilena   |9 308278 
583 |a last modification  |c 20150529 15:00:00  |k Rodrigo Vera 
999 |c 359218  |d 359216 
952 |0 0  |1 0  |3 erb  |4 0  |6 CH_861_000000000000000_TEJ_2014  |7 0  |8 A  |9 468349  |a BIBEDU  |b BIBEDU  |i 5160499  |o Ch861 TEJ 2014  |p 5160499  |r 2019-11-23  |w 2019-11-23  |y BK  |z Catalogado en:20150529  |k LIT